| 000 | 00528nam a2200193 a 4500 | ||
|---|---|---|---|
| 005 | 20140310183426.0 | ||
| 008 | 071002s19uu xx 00 eng d | ||
| 020 | _a9780415372022 | ||
| 050 |
_aPN 4783 _b.C58 2007 |
||
| 100 | _aConboy, Martin | ||
| 245 |
_aThe Language of the News / _cMartin Conboy |
||
| 260 |
_aLondon : _bRoutledge, _c2007. |
||
| 300 |
_a229 p. : _bill. ; _c24 cm. |
||
| 521 | _aMC | ||
| 650 |
_aJournalism _xLanguage. |
||
| 650 |
_aJournalism _xSocial aspects. |
||
| 942 |
_cBK _2lcc _kFOR |
||
| 999 |
_c22650 _d22650 |
||